00943cam a2200313 a 45000010005000000030006000050050017000110080041000280100017000690200018000860200018001040400023001220420009001450500024001540820014001781000026001922450026002182500054002442600035002983000023003335000022003565050007003785200098003855210019004836500029005026500023005316500028005546510047005822426FISKH20250213103049.0060919s2007 flua j 000 1 eng  a 2006024325 a9780152024178 a9780545032681 aDLCcDLCdDLCbeng alcac00aPZ7.S65766bPe 200700a[Fic]2221 aSmith, Roland,d1951-10aPeak /cRoland Smith. aFirst Scholastic paperback printing, October 2008 aNew York :bScholastic,c2007. a246 pages :c20 cm aSequel: The edge. aR  aA fourteen-year-old boy attempts to be the youngest person to reach the top of Mount Everest.8 a760 bLexile  1aMountaineeringvFiction. 1aSurvivalvFiction. 1aComing of agevFiction. 1aEverest, Mount (China and Nepal)vFiction.